Major Indian novels : (Record no. 128532)
[ view plain ]
| 000 -LEADER | |
|---|---|
| fixed length control field | 00651nam a22002177a 4500 |
| 005 - DATE AND TIME OF LATEST TRANSACTION | |
| control field | 20170124110041.0 |
| 010 ## - LIBRARY OF CONGRESS CONTROL NUMBER | |
| LC control number | A-240935 |
| 020 ## - INTERNATIONAL STANDARD BOOK NUMBER | |
| Terms of availability | 00.00 |
| 035 ## - SYSTEM CONTROL NUMBER | |
| System control number | A-240935 |
| 037 ## - SOURCE OF ACQUISITION | |
| Source of stock number/acquisition | Cen Lib/Ret |
| 040 ## - CATALOGING SOURCE | |
| Original cataloging agency | DPL |
| Language of cataloging | EN |
| 082 ## - DEWEY DECIMAL CLASSIFICATION NUMBER | |
| Classification number | 883.08 |
| Item number | MAJ |
| 245 ## - TITLE STATEMENT | |
| Title | Major Indian novels : |
| Statement of responsibility, etc | Edited by N. S. Pradhan |
| Remainder of title | an evaluation / |
| 260 ## - PUBLICATION, DISTRIBUTION, ETC. (IMPRINT) | |
| Place of publication, distribution, etc | New Delhi |
| Name of publisher, distributor, etc | Arnold-Heinemann Publishers |
| Date of publication, distribution, etc | 1985 |
| 270 ## - ADDRESS | |
| Address | A B/9, Safdarjang Enclave |
| City | New Delhi |
| Postal code | 110029 |
| 300 ## - PHYSICAL DESCRIPTION | |
| Extent | xi,266p. |
| Dimensions | 17cm(Hb) |
| 650 ## - SUBJECT ADDED ENTRY--TOPICAL TERM | |
| Topical term or geographic name as entry element | Indic fiction (English) |
| 9 (RLIN) | 112413 |
| 650 ## - SUBJECT ADDED ENTRY--TOPICAL TERM | |
| Topical term or geographic name as entry element | Literature |
| 9 (RLIN) | 6262 |
| 700 ## - ADDED ENTRY--PERSONAL NAME | |
| Personal name | Pradhan, N. S |
| 9 (RLIN) | 23693 |
| 942 ## - ADDED ENTRY ELEMENTS (KOHA) | |
| Source of classification or shelving scheme | Dewey Decimal Classification |
| Koha item type | English Books |
| Classification part | 883.08 |
| Call number suffix | MAJ |
| Withdrawn status | Lost status | Damaged status | Not for loan | Home library | Current library | Date acquired | Source of acquisition | Cost, normal purchase price | Total Checkouts | Full call number | Barcode | Date last seen | Date checked out | Copy number | Cost, replacement price | Price effective from | Koha item type |
|---|---|---|---|---|---|---|---|---|---|---|---|---|---|---|---|---|---|
| Central Library | Central Library | 02/07/2015 | Cen Lib/Ret | 0.00 | 1 | 883.08 MAJ | A-240935 | 15/12/2019 | 24/06/2019 | 1 | 0.00 | 02/07/2015 | English Books |
